Top 15 Goals Farthest Away From Net - Statistics

General Stats
  • This quiz has been taken 2 times
  • The average score is 4 of 15
Answer Stats
Hint Answer % Correct
11. 58 Yards Rooney
100%
12. 57 Yards Beckham
50%
2. 100.5 Yards Begović
50%
4. 98.5 Yards Howard
50%
6. 96 Yards Mustafa
50%
13. 40 Yards Seedorf
50%
9. 66 Yards Adam
0%
10. 65 Yards Alonso
0%
7. 90 Yards Bingham
0%
15. 30 Yards Charlton
0%
3. 100 Yards Dituro
0%
14. 40 Yards Haan
0%
1. 105 Yards King
0%
5. 96.6 Yards Lonergan
0%
8. 80 Yards Robinson
0%
No matching quizzes found
Score Distribution
Percent of People with Each Score
Percentile by Number Answered
Your Score History
You have not taken this quiz